书目信息 |
| 题名: |
汉语尼泊尔语分类词典
|
|
| 作者: | 张玥 编著 | |
| 分册: | ||
| 出版信息: | 北京 商务印书馆 2013.05 |
|
| 页数: | 837页 | |
| 开本: | 22cm | |
| 丛书名: | ||
| 单 册: | ||
| 中图分类: | H725.6 | |
| 科图分类: | ||
| 主题词: | 汉语--尼泊尔语--词典 , 汉语 , 尼泊尔语 , 词典 | |
| 电子资源: | ||
| ISBN: | 978-7-100-09714-7 | |
| 000 | 00927nam0 2200289 450 | |
| 001 | 010050029409 | |
| 005 | 20140609102646.81 | |
| 010 | @a978-7-100-09714-7@b精装@dCNY130.00 | |
| 100 | @a20130821d2013 em y0chiy0110 ea | |
| 101 | 0 | @achi@anep |
| 102 | @aCN@b110000 | |
| 105 | @ak e 001yy | |
| 106 | @ar | |
| 200 | 1 | @a汉语尼泊尔语分类词典@9han yu ni bo er yu fen lei ci dian@f张玥编著 |
| 210 | @a北京@c商务印书馆@d2013.05 | |
| 215 | @a837页@d22cm | |
| 300 | @a中国国际广播电台人才工程资助项目 | |
| 330 | @a《汉语尼泊尔语分类词典》是目前国内第一部汉语尼泊尔语分类词典,收词32000余条,涉及日常生活、社会活动、公共事务、经济活动、社会及自然科学五大门类。 | |
| 333 | @a尼泊尔语爱好者 | |
| 606 | 0 | @a汉语@x尼泊尔语@j词典 |
| 606 | 0 | @a汉语 |
| 606 | 0 | @a尼泊尔语 |
| 606 | 0 | @a词典 |
| 690 | @aH725.6@v5 | |
| 701 | 0 | @a张玥@9zhang yue@4编著 |
| 801 | 0 | @aCN@b人天书店@c20130821 |
| 905 | @b547793-94@dH725.6@e7@f2 | |
| 汉语尼泊尔语分类词典/张玥编著.-北京:商务印书馆,2013.05 |
| 837页;22cm |
| 中国国际广播电台人才工程资助项目.-使用对象:尼泊尔语爱好者 |
| ISBN 978-7-100-09714-7(精装):CNY130.00 |
| 《汉语尼泊尔语分类词典》是目前国内第一部汉语尼泊尔语分类词典,收词32000余条,涉及日常生活、社会活动、公共事务、经济活动、社会及自然科学五大门类。 |
| ● |
| 相关链接 |
|
|
|
|
正题名:汉语尼泊尔语分类词典
索取号:H725.6/7
 
预约/预借
| 序号 | 登录号 | 条形码 | 馆藏地/架位号 | 状态 | 备注 |
| 1 | 547793 | 205477937 | 第二样本阅览室/ [索取号:H725.6/7] | 在馆 | |
| 2 | 547794 | 205477946 | 第四借阅区/ [索取号:H725.6/7] | 在馆 |